[Event "BL 2016-17"]
[Site "Berlin"]
[Date "2017.04.29"]
[Round "13"]
[White "Anand, Viswanathan"]
[Black "Ruck, Robert"]
[Result "1/2-1/2"]
[WhiteElo "2786"]
[BlackElo "2557"]
[Annotator "TA"]
[PlyCount "86"]
[EventDate "2017.??.??"]
[EventType "team-tourn"]
[EventCountry "GER"]
[SourceTitle "playchess.com"]
[Source "ChessBase"]
[SourceQuality "1"]
[WhiteTeam "Baden-Baden"]
[BlackTeam "Speyer-Schwegenheim"]

{[%evp 13,86,20,32,5,9,2,7,7,22,23,23,18,32,25,14,0,6,7,10,0,0,-12,-11,-25,-23,-26,-6,-44,0,0,0,0,0,0,0,0,0,0,0,-5,-14,-90,-76,-209,-195,-164,-12,-12,-20,-14,0,0,0,0,0,0,0,0,0,0,0,0,0,0,0,0,0,0,0,0,0,0,0,0,0]} 1. e4 c6 2. d4 d5 3. e5 Bf5 4. Nf3 e6 5. Be2 Nd7 6. O-O Ne7 7. c3 Ng6 {LiveBook: 6 Games. B12: Caro-Kann: Advance Variation} (7... c5 8. dxc5 Nxc5 9. Na3 Nc6 10. Bf4 Be7 11. Nb5 O-O 12. Nfd4 Bg6 13. Rc1 Nd7 14. Nxc6 bxc6 15. Nd4 Qc7 16. c4 {½-½ (75) Caruana,F (2827)-Tari,A (2584) chess.com INT 2017}) 8. Re1 Be7 9. Bd3 Bxd3 10. Qxd3 Nh4 $146 (10... c5 11. g3 Rc8 12. h4 h5 13. Be3 Qb6 14. Nbd2 cxd4 15. cxd4 {0-1 (45) Savic,M (2430)-Prelevic,D (2332) Jahorina 2000}) 11. Nxh4 Bxh4 12. Nd2 Qb6 13. Qh3 Be7 14. Qg3 O-O 15. Nf3 {Black must now prevent Bh6.} Kh8 16. h4 c5 17. Rd1 Rac8 18. b3 cxd4 19. cxd4 Rc2 20. Ng5 {[#] Threatens to win with Ba3!} Bxg5 21. Bxg5 Rfc8 22. Rd3 Qb4 $1 23. Qf4 Qf8 $36 {[%mdl 2048] And now ...h6 would win. Black is more active.} 24. Rg3 h6 25. Bf6 $1 Nxf6 26. exf6 g6 {[%cal Bg7g6,Bg6g5][%mdl 32]} 27. h5 (27. Re1 $11 {remains equal.}) 27... g5 $17 28. Qe5 (28. Qe3 $17) 28... Qa3 $19 29. f4 {[#]} Rc1+ $2 ({Worse is} 29... Rxa2 30. Rxa2 Qxa2 31. fxg5 $16) (29... Qb2 $1 $19 {[%cal Rb2a1]} 30. Re1 Rc1) 30. Rxc1 $11 {The position is equal.} Qxc1+ 31. Kh2 Qxf4 32. Qxf4 gxf4 {[%mdl 4096] Endgame KR-KR} 33. Rg7 Rc2 34. Kh3 Rxa2 35. Rxf7 {Hoping for Rf8+.} Kg8 36. Rxb7 a5 37. Rg7+ Kf8 38. Rg6 Kf7 39. Rxh6 Rd2 40. Kg4 Rxg2+ 41. Kxf4 Rf2+ 42. Ke5 {Strongly threatening Rh7+.} Re2+ 43. Kd6 Re4 1/2-1/2

[Event "BL 2016-17"]
[Site "Berlin"]
[Date "2017.04.29"]
[Round "13"]
[White "Bacrot, Etienne"]
[Black "Kovacs, Gabor"]
[Result "1-0"]
[WhiteElo "2696"]
[BlackElo "2464"]
[Annotator "TA"]
[PlyCount "91"]
[EventDate "2017.??.??"]
[EventType "team-tourn"]
[EventCountry "GER"]
[SourceTitle "playchess.com"]
[Source "ChessBase"]
[SourceQuality "1"]
[WhiteTeam "Baden-Baden"]
[BlackTeam "Speyer-Schwegenheim"]

{[%evp 18,91,39,10,13,9,33,6,0,4,11,-14,-8,-38,32,26,27,34,33,23,26,38,36,23,54,28,55,47,41,42,64,56,59,60,65,60,70,70,79,52,68,66,68,61,72,69,72,72,83,74,85,74,75,82,72,75,86,75,86,86,85,78,203,220,218,216,201,196,791,760,1570,1595,1551,1521,1479,566]} 1. e4 e5 2. Nf3 Nf6 3. Nxe5 d6 4. Nf3 Nxe4 5. Nc3 {[%cal Bb1c3,Bc3e2,Be2d4,Bd4f5][%mdl 32]} Nf6 6. d4 Be7 7. Bd3 O-O 8. h3 {C42: Petroff Defence: 3 Nxe5 and unusual White 3rd moves} Nbd7 9. O-O Re8 10. Ne2 {LiveBook: 13 Games. White is slightly better.} b6 $146 (10... d5 11. Ng3 Bf8 12. Re1 Rxe1+ 13. Qxe1 c5 14. c3 cxd4 15. cxd4 Nb6 {0-1 (52) Wei,Y (2709)-Bu,X (2715) Shenzhen 2016}) 11. c4 Bb7 12. d5 c6 13. dxc6 Bxc6 14. Ned4 Bb7 15. Nf5 Bxf3 ({Better is} 15... Bf8 $15) 16. Qxf3 $14 Ne5 17. Qg3 {[%csl Gf5][%cal Rg3g7] [#]} Nh5 18. Qe3 Bf8 19. Be2 Nf6 ({Not} 19... Nxc4 $2 20. Qf3 Rc8 21. Bxc4 (21. Qxh5 g6 22. Qf3 gxf5 $16) 21... Rxc4 22. Qxh5 $18) 20. Qb3 Qc8 21. Ng3 Qc7 22. Be3 Rac8 {[%cal Re5c4]} 23. Rac1 Ned7 {[%cal Be5d7,Bd7c5,Bc5e4][%mdl 32]} 24. Rfd1 Nc5 25. Qc3 Nfe4 26. Nxe4 Nxe4 27. Qc2 Nf6 28. Bd4 Nd7 29. Bg4 Rcd8 30. Bf3 Be7 {[%cal Bf8e7,Be7f6,Bf6g7][%mdl 32]} 31. Be4 g6 32. Be3 Bf6 33. b4 Bg7 34. Bd5 Rc8 35. Qd3 Ne5 36. Qb3 Qe7 37. Qa4 Rc7 38. c5 dxc5 39. bxc5 Rd8 (39... bxc5 $16 {was called for.} 40. Rxc5 Rec8 41. Rxc7 Rxc7) 40. cxb6 $18 Rxc1 41. Rxc1 axb6 42. Bxb6 Qg5 $2 (42... Rb8) 43. f4 {White is clearly winning.} ({Weaker is} 43. Bxd8 Qxc1+ 44. Kh2 Qc5 $16) 43... Qg3 44. Bxd8 {[#] Intending Qe8+ and mate.} Qe3+ 45. Kh2 {White wants to mate with Rc8.} Qxc1 46. Qe8+ 1-0

[Event "BL 2016-17"]
[Site "Berlin"]
[Date "2017.04.29"]
[Round "13"]
[White "Movsesian, Sergei"]
[Black "Kraemer, Martin"]
[Result "1-0"]
[WhiteElo "2677"]
[BlackElo "2574"]
[Annotator "TA"]
[PlyCount "57"]
[EventDate "2017.??.??"]
[EventType "team-tourn"]
[EventCountry "GER"]
[SourceTitle "playchess.com"]
[Source "ChessBase"]
[SourceQuality "1"]
[WhiteTeam "Baden-Baden"]
[BlackTeam "Speyer-Schwegenheim"]

{[%evp 16,57,25,2,22,14,42,4,24,16,14,13,23,7,16,4,5,12,9,0,8,8,19,23,21,6,21,15,9,22,68,32,90,102,114,118,111,109,135,135,129,113,1628,1687]} 1. e4 c5 2. Nf3 Nc6 3. Nc3 e5 4. Bc4 d6 5. d3 Be7 6. O-O h6 7. a3 Nf6 8. h3 O-O {B50: Sicilian: 2...d6, Miscellaneous} (8... Be6 9. Nd5 O-O 10. c3 Re8 11. b4 Bf8 12. Qb3 Rb8 13. a4 a6 14. a5 Nh7 15. Be3 Kh8 16. Nb6 {1-0 (41) Li,C (2619)-Yu,Y (2585) Hefei 2010}) 9. Nh2 {LiveBook: 3 Games} Be6 10. Nd5 Nd7 {The position is equal.} 11. Ba2 $146 (11. c3 Rc8 12. b4 Bg5 13. Bxg5 Qxg5 14. Nf3 Qd8 15. Ne3 Re8 16. Re1 {1-0 (42) Alonso,S (2420)-Iermito,S (2339) Buenos Aires 2008}) 11... Rc8 12. f4 exf4 13. Bxf4 Nde5 14. c3 {[%cal Bc2c3,Bc3d4][%mdl 32]} Bg5 15. Bg3 Bh4 16. Bxh4 Qxh4 17. Rf2 Qg3 18. d4 cxd4 19. cxd4 Ng6 $1 (19... Nd3 $2 20. Rf3 Nxb2 21. Rxg3 $18) (19... Bxd5 $2 20. exd5 Qe3 21. dxe5 $18) 20. Nf1 $36 {[%mdl 2048] Black is under pressure.} (20. Qd2 $5 {feels hotter.} Nce7 21. Nf1 Qh4 22. Nxe7+ Qxe7 23. Bb1) 20... Qh4 21. Nc3 {[#] Threatens to win with d5.} Bxa2 22. Rxa2 b6 23. Ne3 Nge7 (23... Qg5 $14 24. Nf5 Nge7) 24. Ra1 $16 Rcd8 {[#]} 25. Qd3 $1 f5 {White must now prevent ...Qxf2+!} 26. Raf1 {[%cal Re3f5]} fxe4 27. Qc4+ ({Weaker is} 27. Nxe4 Rxf2 28. Nxf2 (28. Rxf2 d5 29. Nc3 Qxd4 $17) 28... Qxd4 $17) (27. Qxe4 $6 Qxe4 28. Rxf8+ (28. Nxe4 Rxf2 29. Kxf2 Nxd4 $15) 28... Rxf8 $11) 27... d5 28. Ncxd5 Nxd5 $4 {[%mdl 8192]} (28... Rxf2 $16 29. Nxe7+ (29. Rxf2 Kh8 $16) 29... Kh7 30. Rxf2 (30. Nxc6 Rdf8 31. d5 Rxf1+ 32. Nxf1 Qf2+ 33. Kh2 Qxf1 34. Qxe4+ Qf5 $17) 30... Nxe7) 29. Rxf8+ 1-0

[Event "BL 2016-17"]
[Site "Berlin"]
[Date "2017.04.29"]
[Round "13"]
[White "Laznicka, Viktor"]
[Black "Nisipeanu, Liviu-Dieter"]
[Result "1/2-1/2"]
[WhiteElo "2670"]
[BlackElo "2684"]
[Annotator "TA"]
[PlyCount "48"]
[EventDate "2017.??.??"]
[EventType "team-tourn"]
[EventCountry "GER"]
[SourceTitle "playchess.com"]
[Source "ChessBase"]
[SourceQuality "1"]
[WhiteTeam "Schwäbisch Hall"]
[BlackTeam "TU Dresden"]

{[%evp 19,48,23,15,0,0,0,0,0,0,0,0,3,0,12,3,15,35,-18,-18,-24,-35,-39,0,-16,0,0,9,0,6,-8,-6]} 1. d4 Nf6 2. c4 e6 3. Nc3 Bb4 4. Qc2 O-O 5. a3 Bxc3+ 6. Qxc3 b5 7. cxb5 c6 8. f3 Nd5 {E32: Nimzo-Indian: Classical (4 Qc2): 4...0-0} 9. Qd2 (9. Qd3 cxb5 10. e4 Nb6 11. Nh3 Nc6 12. Be2 d5 13. exd5 Qxd5 14. Be3 Nc4 15. Bf2 h6 16. O-O {0-1 (75) Karpov,A (2644)-Ghaem Maghami,E (2604) Teheran 2009}) 9... f5 10. e3 cxb5 {LiveBook: 4 Games. White has an edge.} 11. Nh3 Qb6 $146 (11... Nc6 12. Bxb5 Na5 13. Qd3 Qb6 14. Bd2 Rb8 15. a4 a6 16. b4 {1-0 (43) Al Sayed,M (2485)-Udeshi,A (2362) Dubai 2011}) 12. Bd3 Nc6 13. O-O a5 14. Qf2 Ba6 15. Rd1 b4 16. e4 fxe4 17. Bxe4 Rac8 18. Bxd5 (18. Bg5 $14) 18... exd5 $11 19. Nf4 Bc4 20. Be3 Ne7 21. axb4 {The position is equal.} axb4 22. Qd2 Nf5 23. Bf2 Qh6 24. Ne2 Qxd2 1/2-1/2

[Event "BL 2016-17"]
[Site "Berlin"]
[Date "2017.04.29"]
[Round "13"]
[White "Moiseenko, Alexander"]
[Black "Tazbir, Marcin"]
[Result "1/2-1/2"]
[WhiteElo "2670"]
[BlackElo "2512"]
[Annotator "TA"]
[PlyCount "175"]
[EventDate "2017.??.??"]
[EventType "team-tourn"]
[EventCountry "GER"]
[SourceTitle "playchess.com"]
[Source "ChessBase"]
[SourceQuality "1"]
[WhiteTeam "Hockenheim"]
[BlackTeam "Griesheim"]

{[%evp 21,175,36,41,32,36,36,36,36,39,36,39,39,39,30,34,34,37,27,34,38,35,43,37,33,49,47,54,41,55,53,83,79,92,89,92,92,100,72,75,72,72,72,100,73,69,77,85,77,114,114,114,114,129,114,200,73,73,73,73,69,69,69,69,69,69,43,43,43,43,43,43,43,43,43,43,43,43,43,43,43,43,43,43,43,43,43,43,43,43,36,36,36,36,36,36,0,0,0,36,36,36,36,36,36,36,36,36,36,36,36,36,36,36,36,36,36,36,36,36,36,36,36,37,0,7,0,0,0,0,0,0,0,0,0,0,0,0,0,0,0,0,0,0,0,0,0,0,0,0,0,0,0,0,0,0,0]} 1. d4 Nf6 2. c4 e6 3. Nf3 Bb4+ 4. Nbd2 b6 5. a3 Bxd2+ 6. Qxd2 Bb7 7. e3 O-O 8. Be2 d6 9. O-O Nbd7 10. b4 Qe7 11. Bb2 c5 12. dxc5 {E14: Queen's Indian: Classical Variation (4 e3)} dxc5 13. Rfd1 Rfd8 14. Qd6 {White is slightly better.} Qxd6 15. Rxd6 {Black must now prevent Rad1.} Ne4 ({Relevant:} 15... Kf8 16. Rad1 Ke7 17. Ng5 cxb4 18. axb4 h6 19. Nxf7 Kxf7 20. Bxf6 Kxf6 21. Rxd7 Rxd7 22. Rxd7 {1-0 (43) Khenkin,I (2594)-Meins,G (2426) Bad Wiessee 2015}) 16. Rd3 Nf8 17. Rad1 Rxd3 18. Rxd3 f6 19. Ne1 $146 ({Predecessor:} 19. Nd2 Nxd2 20. Rxd2 {½-½ (30) Matlak,M-Berry,F ICCF corr 1992}) 19... Rc8 20. b5 Rc7 21. f3 $36 {[%mdl 2048] White is pushing.} Ng5 22. a4 {[%cal Ba3a4,Ba4a5,Ba5a6][%mdl 32]} Rd7 23. a5 Nf7 24. a6 Bc8 25. f4 Nd6 26. Nf3 Kf7 27. g4 h6 28. h4 Ne8 29. Ra3 Rd8 30. e4 e5 31. f5 (31. fxe5 Bxg4 32. exf6 gxf6 $11) 31... Nd7 32. Kf2 Nd6 33. Ke3 g6 34. Ra1 gxf5 35. gxf5 ({Don't take} 35. exf5 h5 36. Rd1 (36. gxh5 Nxf5+ 37. Ke4 Ng3+ 38. Ke3 Nf5+ 39. Ke4 Ng3+ 40. Ke3 Nf5+ $17) 36... Ke7 37. Rxd6 (37. gxh5 Nxf5+ 38. Kf2 Rg8 $11) (37. Nd2 hxg4 38. Bxg4 Rg8 $19) 37... Kxd6 $14) 35... Rg8 36. Rg1 Rxg1 37. Nxg1 Kg7 (37... Nb8 $16 {is a better defense.} 38. Nf3 Ke7) 38. Bd3 (38. Nf3 $18) 38... Nf8 $16 39. Nf3 {[#] And now Nxe5! would win.} Nf7 40. Bc3 Bd7 41. Be2 Be8 42. Kd3 Nd7 43. Nd2 Nd6 44. Nf1 Bf7 45. Ne3 Nf8 46. Bd2 Nd7 47. Bf3 Nf8 48. Kc3 Nd7 49. Bc1 Kh7 50. Kd3 Kg7 51. Bd1 Kh7 52. Bc2 Kg7 53. Kc3 Kh7 54. Bd3 Kg7 55. Nf1 Kh7 56. Ng3 Kg7 57. Be3 Be8 58. Nh1 Bh5 59. Ng3 Be8 60. Nf1 Bf7 61. Nd2 Bh5 62. Bf1 Bg4 63. Kd3 Bh5 $1 64. Be2 Be8 65. Bf3 Bf7 66. Kc3 Kh7 67. Bd1 Kg7 68. Kd3 Kh7 69. Be2 Kg7 70. Kc3 Be8 71. Bf2 Bf7 72. Bd3 Bh5 {The position is equal.} 73. Nf1 Kg8 74. Ng3 Bf7 75. Be2 Kg7 76. Be3 Kh7 77. Bc1 Kg7 78. Bd3 Kh7 79. Nf1 Kg7 80. Ne3 Kh7 81. Ng4 Bh5 82. Nf2 Kg7 83. Bd2 Bf3 84. Be3 Kh7 85. Bc2 Kg7 86. Bd3 Kh7 87. Bc1 Kg7 88. Kd2 1/2-1/2

[Event "BL 2016-17"]
[Site "Berlin"]
[Date "2017.04.29"]
[Round "13"]
[White "Fressinet, Laurent"]
[Black "Bauer, Christian"]
[Result "1/2-1/2"]
[WhiteElo "2665"]
[BlackElo "2619"]
[Annotator "TA"]
[PlyCount "94"]
[EventDate "2017.??.??"]
[EventType "team-tourn"]
[EventCountry "GER"]
[SourceTitle "playchess.com"]
[Source "ChessBase"]
[SourceQuality "1"]
[WhiteTeam "Werder Bremen"]
[BlackTeam "Hamburger SK"]

{[%evp 9,94,0,2,8,13,2,40,41,40,45,41,47,36,33,39,12,54,54,52,48,65,61,61,56,67,47,49,55,41,0,0,0,0,0,0,0,0,0,0,0,0,0,0,0,0,0,0,0,0,0,0,0,0,0,8,0,0,0,0,0,1,0,0,0,0,0,0,0,0,0,0,0,0,0,0,0,0,0,0,0,0,0,0,0,8,0,0]} 1. d4 Nf6 2. Nf3 e6 3. c4 Nc6 4. g3 d5 5. Nbd2 {E01: Catalan: Early deviations} dxc4 {LiveBook: 3 Games} 6. Nxc4 b5 7. Ne3 Rb8 (7... Bb7 8. Bg2 Rb8 9. O-O Bd6 10. a4 a6 11. axb5 axb5 12. d5 exd5 13. Nxd5 Nxd5 14. Qxd5 {1-0 (47) Riazantsev,A (2671)-Tregubov,P (2571) St Petersburg 2015}) 8. Bg2 Be7 9. O-O O-O 10. b3 $146 (10. a3 Ba6 11. Qd3 Rb6 12. b4 Bb7 {0-1 (32) Itkis,B (2384)-Vukovic,Z (2471) Bucharest 2000}) 10... Bb7 11. Bb2 Nb4 12. Ne5 c5 13. a3 Nbd5 14. Nxd5 $1 Bxd5 15. dxc5 {Black must now prevent Bxd5.} Bxg2 $1 16. Kxg2 {[#] aiming for Nc6.} Bxc5 17. Qxd8 (17. b4 $5 {feels hotter.} Bb6 18. Nc6 Qxd1 19. Rfxd1 Rb7 20. Rac1) 17... Rbxd8 18. Nd3 Bb6 19. Bxf6 (19. a4 $5 {looks sharper.} bxa4 20. bxa4 Rd5 21. Rfc1 Rfd8 22. Bc3) 19... gxf6 {The position is equal.} 20. Rfd1 Kg7 21. Kf3 Rd6 22. a4 bxa4 23. Rxa4 Rfd8 24. Rg4+ Kf8 25. Rc4 Rd5 26. Kg2 Rb5 27. b4 Rd4 28. Rc8+ Rd8 29. Rdc1 Rxc8 30. Rxc8+ $11 {[%mdl 4096] Endgame KRB-KRN} Kg7 31. Rb8 Rd5 32. f4 Rd8 33. Rb7 Rd5 34. g4 Kf8 35. h4 Ke8 36. g5 fxg5 37. hxg5 {Threatens to win with Ne5.} Rd7 38. Rb8+ Rd8 39. Rb7 {Ne5 is the strong threat.} Rd7 40. Rxd7 Kxd7 {KB-KN} 41. Ne5+ Ke7 42. Kf3 f6 43. Nc6+ Kf7 44. e4 fxg5 45. fxg5 Kg6 46. Kg4 a6 {[%cal Ba7a6,Ba6a5][%mdl 32]} 47. Nb8 a5 1/2-1/2

[Event "BL 2016-17"]
[Site "Berlin"]
[Date "2017.04.29"]
[Round "13"]
[White "Piorun, Kacper"]
[Black "Rabiega, Robert"]
[Result "1/2-1/2"]
[WhiteElo "2651"]
[BlackElo "2510"]
[Annotator "TA"]
[PlyCount "132"]
[EventDate "2017.??.??"]
[EventType "team-tourn"]
[EventCountry "GER"]
[SourceTitle "playchess.com"]
[Source "ChessBase"]
[SourceQuality "1"]
[WhiteTeam "SF Berlin"]
[BlackTeam "König Tegel"]

{[%evp 11,132,12,2,14,27,0,0,0,0,0,0,-8,0,-30,-16,-27,6,-20,-25,-24,4,-33,-25,-17,0,0,36,18,70,70,156,170,153,37,31,-47,-50,-104,-110,-104,-106,-103,-123,-127,-104,-111,-100,-95,-80,-91,-77,-93,-87,-93,-86,-87,-81,-117,-117,-120,-114,-179,-186,-231,-146,-139,-108,-106,-88,-100,-90,-111,-99,-108,-82,-78,-78,-78,-78,-87,-73,-82,-87,-79,-65,-99,-12,-12,-12,-15,-12,-12,-12,-12,-12,-12,-12,-12,-8,-12,-12,-12,-12,-12,-12,-12,-12,-12,-12,-12,-12,-12,0,-12,-12,-12,-12,-12,-12,-12,-12,-12,-12]} 1. Nf3 d5 2. g3 Bg4 3. Bg2 Nd7 4. c4 e6 5. cxd5 exd5 6. O-O Ngf6 7. Nc3 {A07: Réti Opening: New York and Capablanca Systems} Bd6 8. Qb3 Nc5 9. Qc2 O-O 10. d4 Ne6 11. Be3 $146 ({Predecessor:} 11. Rd1 c6 12. Nh4 Re8 13. Be3 Bh5 {1-0 (36) Petrosian,T (2592)-Holt,C (2567) chess.com INT 2017}) 11... c6 12. Rad1 Nd7 13. Nh4 Be7 14. Nf5 Bf6 15. h3 Bh5 16. f4 Bg6 17. Bf2 Qb6 18. e4 dxe4 19. Bxe4 {[#] aiming for d5.} Qc7 (19... Bxf5 $11 20. Bxf5 Nxd4) 20. d5 $14 Nec5 (20... cxd5 $14 21. Nxd5 (21. Rxd5 Nb6 22. Rd3 Rac8 $11) 21... Qxc2 22. Nfe7+ (22. Bxc2 Kh8 $16) 22... Kh8 23. Nxg6+ hxg6 24. Bxc2 Rac8) 21. d6 $16 Qd8 {[#]} 22. Ne7+ (22. Bxc5 $1 $16 Nxc5 23. Ne7+ Bxe7 24. dxe7 Qxe7 25. f5) 22... Bxe7 $14 23. dxe7 (23. Bxc5 $1 $14 Bf6 24. Bxg6 hxg6 25. Ne4) 23... Qxe7 $15 {[%cal Rc5e4]} 24. f5 (24. Bxc5 $1 $15 Qxc5+ 25. Qf2 Qxf2+ 26. Rxf2 Bxe4 27. Rxd7 (27. Nxe4 Nb6 $15)) 24... Nxe4 $17 25. fxg6 Nxf2 26. gxh7+ Kh8 27. Rxf2 Nf6 28. Qf5 Rae8 (28... Nxh7 $6 29. Rd7 Qe3 30. Qf4 (30. Rxb7 Rab8 31. Rxb8 Qxg3+ 32. Kf1 Qxb8 $15) 30... Qxf4 31. Rxf4 $11) 29. Kg2 Qe5 ({Much worse is} 29... Nxh7 $6 30. Rd7 Qb4 31. Qh5 $11 (31. Rxf7 Rxf7 32. Qxf7 Rf8 $11) (31. a3 Qb6 $11)) 30. Qd3 Qe3 31. Qc4 Kxh7 32. Rd4 Qe5 33. Re2 Qc7 ({Don't play} 33... Qf5 $6 34. Rxe8 Nxe8 35. Rd8 $11) 34. Qd3+ Kg8 35. Rd2 Re6 36. Qf5 (36. Rd6 $17) 36... Rfe8 37. g4 Re3 {( -> ...Qg3+)} 38. Qf4 Qxf4 39. Rxf4 R3e7 40. Ra4 a6 41. Rad4 g6 42. g5 Ne4 43. Nxe4 Rxe4 44. Rxe4 Rxe4 {[%mdl 4096] Endgame KR-KR} 45. Kf3 Rb4 46. Rd8+ Kg7 47. b3 a5 48. Rd7 Kf8 (48... b5 $17 49. Rd2 a4 50. bxa4 bxa4) 49. Rc7 $1 $11 {The position is equal.} Ke8 50. Ke3 a4 51. bxa4 Rxa4 52. Rxb7 Rxa2 {Threatens to win with ...Ra3+.} 53. Rc7 Rc2 54. Kd4 Rd2+ 55. Ke4 Rg2 56. Kf4 Rc2 57. Ke4 Rc5 58. h4 $1 Rc4+ 59. Ke3 c5 60. Kd3 Rc1 (60... Rxh4 $5 {seems wilder.} 61. Rxc5 Rh3+ 62. Ke4 Rh5 63. Kf4 Rh4+) 61. Kd2 Rc4 62. Kd3 Rxh4 63. Rxc5 Rh5 {Hoping for ...f5.} 64. Re5+ Kf8 {...f5 is the strong threat.} 65. Ke4 Kg7 66. Kf4 Rh4+ 1/2-1/2

[Event "BL 2016-17"]
[Site "Berlin"]
[Date "2017.04.29"]
[Round "13"]
[White "Efimenko, Zahar"]
[Black "Svane, Rasmus"]
[Result "1/2-1/2"]
[WhiteElo "2650"]
[BlackElo "2573"]
[Annotator "TA"]
[PlyCount "52"]
[EventDate "2017.??.??"]
[EventType "team-tourn"]
[EventCountry "GER"]
[SourceTitle "playchess.com"]
[Source "ChessBase"]
[SourceQuality "1"]
[WhiteTeam "Werder Bremen"]
[BlackTeam "Hamburger SK"]

{[%evp 14,52,29,31,46,38,41,-14,0,0,2,0,29,26,35,0,0,0,0,0,0,0,0,0,0,0,0,-20,-7,-23,-24,-34,0,0,0,0,0,0,0,0,-4]} 1. d4 d6 2. Nf3 Nf6 3. c4 g6 4. Nc3 Bf5 5. e3 Bg7 6. Bd3 Bxd3 7. Qxd3 O-O {E61: King's Indian: Early deviations for White, including Smyslov System} 8. O-O {LiveBook: 18 Games} Na6 (8... Nbd7 9. b3 e5 10. dxe5 dxe5 11. Ba3 Re8 12. Ne4 Nxe4 13. Qxe4 Qc8 14. Rad1 Nf6 15. Qc2 {1-0 (79) Akobian,V (2645)-Caruana,F (2817) Saint Louis 2017}) 9. e4 e5 {White is slightly better.} 10. Be3 $146 (10. d5 $14) (10. d5 c6 11. Qe2 Rc8 12. Bd2 Qd7 13. Rfc1 cxd5 14. cxd5 Nc5 15. Ne1 {0-1 (35) Fomichenko,E (2407)-Tseshkovsky,V (2543) Krasnodar 2004}) 10... exd4 $11 11. Bxd4 Re8 12. Rad1 Nb4 13. Qb1 Nc6 14. Bxf6 Bxf6 15. c5 Bxc3 16. bxc3 b6 17. cxd6 cxd6 18. Nd4 Nxd4 19. Rxd4 Rc8 20. Qb4 Rc6 21. Rfd1 {[%cal Rd4d6]} Qc7 22. Rxd6 Rxd6 23. Rxd6 {The position is equal.} Rxe4 24. Qxe4 Qxd6 25. g3 Kg7 (25... Qd1+ $5 26. Kg2 $8 Qd7 $11) 26. Qc4 h5 1/2-1/2

[Event "BL 2016-17"]
[Site "Berlin"]
[Date "2017.04.29"]
[Round "13"]
[White "McShane, Luke J"]
[Black "Kempinski, Robert"]
[Result "1/2-1/2"]
[WhiteElo "2650"]
[BlackElo "2594"]
[Annotator "TA"]
[PlyCount "42"]
[EventDate "2017.??.??"]
[EventType "team-tourn"]
[EventCountry "GER"]
[SourceTitle "playchess.com"]
[Source "ChessBase"]
[SourceQuality "1"]
[WhiteTeam "Werder Bremen"]
[BlackTeam "Hamburger SK"]

{[%evp 23,42,35,35,14,14,17,8,14,10,8,0,-3,-3,-4,-2,0,0,-7,-2,-5,-4]} 1. d4 Nf6 2. c4 g6 3. Nc3 d5 4. Bf4 Bg7 5. e3 c5 6. dxc5 Qa5 7. Rc1 dxc4 8. Bxc4 O-O 9. Nf3 Qxc5 10. Bb3 Nc6 11. O-O Qa5 12. h3 Bf5 {LiveBook: 343 Games} 13. Bc4 {D93: Grünfeld: 4 Nf3 Bg7 5 Bf4 0-0 6 e3} Rad8 {The position is equal.} 14. Qb3 {Strongly threatening Ng5.} Qb4 15. Rcd1 Qxb3 16. Bxb3 h6 17. Ne5 (17. Nd4 $5 {creates asymmetry.} Bd7 18. Rfe1 g5 19. Bh2 Nxd4 20. Rxd4 Bc6 21. Be5) 17... Nxe5 18. Bxe5 Ne4 19. Bxg7 Kxg7 20. Nxe4 Bxe4 21. f3 {[#]} Bc6 $146 1/2-1/2

[Event "BL 2016-17"]
[Site "Berlin"]
[Date "2017.04.29"]
[Round "13"]
[White "Nielsen, Peter Heine"]
[Black "Mager, Denis"]
[Result "1-0"]
[WhiteElo "2639"]
[BlackElo "2307"]
[Annotator "TA"]
[PlyCount "53"]
[EventDate "2017.??.??"]
[EventType "team-tourn"]
[EventCountry "GER"]
[SourceTitle "playchess.com"]
[Source "ChessBase"]
[SourceQuality "1"]
[WhiteTeam "Baden-Baden"]
[BlackTeam "Speyer-Schwegenheim"]

{[%evp 11,53,0,28,10,35,20,21,0,53,47,98,77,92,95,108,157,121,122,236,281,262,258,264,166,295,329,325,292,441,439,421,435,371,186,389,416,412,201,201,201,282,275,268,264]} 1. e4 c5 2. Nf3 d6 3. d4 cxd4 4. Nxd4 Nf6 5. Nc3 a6 6. a3 e6 {LiveBook: 9 Games. B90: Sicilian Najdorf: Unusual White 6th moves, 6 Be3 Ng4 and 6 Be3 e5} (6... e5 7. Nf5 d5 8. Bg5 d4 9. Bxf6 Qxf6 10. Nd5 Qd8 11. Qg4 Bxf5 12. Qxf5 Bd6 13. h4 Nc6 14. Bc4 {1-0 (44) Carlsen,M (2840)-Wojtaszek,R (2750) Wijk aan Zee 2017}) 7. g4 h6 $146 (7... d5 8. Bg2 Nxe4 9. Nxe4 dxe4 10. Bxe4 g6 11. g5 Bg7 12. c3 O-O 13. Be3 {0-1 (32) Andersen,J (2300)-Malakhatko,V (2612) Esbjerg 2008}) 8. Bg2 Be7 {The position is equal.} 9. Be3 Qc7 (9... Nc6 $11) 10. h4 $14 {[%cal Bh2h4,Bh4g5][%mdl 32]} Nfd7 ({Better is} 10... h5 $14) 11. Qe2 Nc6 12. O-O-O {[%cal Ba1d1,Bd1h1,Bh1h8][%mdl 32]} Rb8 13. f4 b5 14. g5 hxg5 (14... b4 $16 15. axb4 Rxb4) 15. hxg5 $18 Rxh1 16. Rxh1 (16. Bxh1 Nxd4 17. Rxd4 Nb6 $14) 16... Nf8 17. Kb1 Nxd4 (17... Na5 $142 18. Nd1 (18. Rh8 b4 $18) 18... g6) 18. Bxd4 g6 19. Rh8 b4 (19... Qc4 $142) 20. axb4 Rxb4 21. Bg7 Qb6 22. Nd1 (22. b3 $142) 22... d5 $2 {[#]} (22... e5 23. f5 (23. fxe5 dxe5 24. c3 Rb5 $18) 23... gxf5) 23. exd5 Rxf4 24. Qe3 (24. Nc3 $142) 24... Qxe3 25. Nxe3 Bc5 {[#]} (25... Bd7 {was worth a try.} 26. Bh3 Bc5) 26. d6 $1 {[%mdl 512]} Bxd6 27. Bc6+ 1-0